| 000 | 01973cam a22004694i 4500 | ||
|---|---|---|---|
| 003 | PE-LiUPU | ||
| 005 | 20250731173331.0 | ||
| 008 | 150625s r 000 0 d | ||
| 020 | _a9781435627079 | ||
| 035 | _a(Sirsi) i9781435627079 | ||
| 040 |
_aPE-LiUPU _bspa _cPE-LiUPU _erda |
||
| 049 | _aPRUA | ||
| 082 | 0 | 4 |
_a234.16309015 _bP66 _221 |
| 100 | 1 |
_aEichhorn, Albert, _eautor. |
|
| 245 | 1 | 4 |
_aThe Lord's supper in the New Testament / _cAlbert Eichhorn. |
| 264 | 1 |
_aAtlanta : _bSociety of Biblical Literature, _cc2007. |
|
| 300 |
_a105 páginas ; _c23 centímetros |
||
| 336 |
_atext _2rdacontent |
||
| 337 |
_aunmediated _2rdamedia |
||
| 338 |
_avolume _2rdacarrier |
||
| 505 | 0 | _aAlbert Eichhorn and the history of religion school by Hugo Gressman. -Albert Eichhorn. - The history of religión school. -The Lord's supper in the testament by Albert Eichhorn. -The Lord's supper: The first celebration of monday thursday. -The Lord's supper: the first reflection on good friday. - The Maundy thursday and good friday. -The real body and blood of christ in the communion. -The historical aspect. -The problem for the history of religion. | |
| 526 | _aSEG42 | ||
| 526 | _aSEG41 | ||
| 526 | _aSEG40 | ||
| 526 | _aSEG39 | ||
| 526 | _aP94 | ||
| 526 | _aP87 | ||
| 526 | _aP86 | ||
| 526 | _aP85 | ||
| 526 | _aP77 | ||
| 526 | _aP76 | ||
| 526 | _aP35 | ||
| 630 |
_aBiblia. _pN.T. _xCrítica, interpretación, etc. |
||
| 650 | 0 | 4 |
_aCena del Señor _xEnseñanza bíblica. |
| 910 |
_bjv _cng |
||
| 942 |
_2ddc _cBOOK |
||
| 949 |
_a234.16309015 P66 _wDEWEY _c1 _i59272 _lCCODEBUL1 _mBUL _r0 _sY _tBOOK _u2015-6-25 _xTEOLOGIA _PP35 _0COMPRA _o.STAFF. Colección General |
||
| 994 |
_aC0 _bPEPRU |
||
| 596 | _a1 | ||
| 999 |
_a234.16309015 P66 _wDEWEY _c48057 _i59272 _f2021-11-10 _g5 _lCCODEBUL1 _mBUL _r0 _sY _tBOOK _u2015-6-25 _xTEOLOGIA _PP35 _0COMPRA _o.STAFF. Colección General _d48057 |
||
| 980 |
_81 _gALBERTO SANCHEZ Responsable de Automatización |
||